LEADER 01175nam--2200373---450- 001 990000541670203316 035 $a0054167 035 $aUSA010054167 035 $a(ALEPH)000054167USA01 035 $a0054167 100 $a20010704d1982----km-y0itay0103----ba 101 $aeng 102 $aUS 105 $a||||||||001yy 200 1 $aPASCAL$ea problem solving approach 210 $aReading, Massachussets$cAddison-Wesley Publishing Company$dc1982 215 $aXIV, 426, 21, 18, 5 p.$cill.; graf.; tab.$d23 cm 225 2 $aAddison-Wesley Microbooks Popular Series 300 $aAppendici 410 $12001$aAddison-Wesley Microbooks Popular Series 610 0 $aPASCAL (Elaboratori elettronici Linguaggio) 610 0 $aElaboratori elettronici Linguaggio PASCAL 676 $a001.6424 700 1$aKOFFMAN,$bElliot B.$0441220 801 0$aIT$bsalbc$gISBD 912 $a990000541670203316 951 $a005.133 KOF$b4986 SM$c005.133$d00105117 959 $aBK 969 $aSCI 979 $aPATTY$b90$c20010704$lUSA01$h1146 979 $c20020403$lUSA01$h1703 979 $aPATRY$b90$c20040406$lUSA01$h1638 996 $aPASCAL$9885845 997 $aUNISA LEADER 01492nam--2200481---450- 001 990000382160203316 005 20121213135045.0 010 $a88-339-0558-6 035 $a0038216 035 $aUSA010038216 035 $a(ALEPH)000038216USA01 035 $a0038216 100 $a20010329d1990----km-y0itay0103----ba 101 0 $aita 102 $aIT 105 $a||||||||001yy 200 1 $aLevar la mano su di sè$fJean Améry$gpresentazione di Innocenzo Cervelli$gtraduzione di Enrico Ganni 210 $aTorino$cBollati Boringhieri$d1990 215 $aXXX, 124 p.$d22 cm 225 2 $aVarianti 312 $aTraduzione di: Hand an sich legen 410 $12001$aVarianti 454 $12001$aHand an sich legen$918774 606 0 $aSuicidio 676 $a179.7 700 1$aAMERY,$bJean$0409674 702 1$aCERVELLI,$bInnocenzo 702 01$aGANNI,$bEnrico 801 0$aIT$bsalbc$gISBD 912 $a990000382160203316 951 $aII.3. 308 (VARIE Coll. 888/3)$b104551 LM$cVARIE Coll. 959 $aBK 969 $aUMA 979 $aPATTY$b90$c20010329$lUSA01$h1403 979 $c20020403$lUSA01$h1646 979 $aPATRY$b90$c20040406$lUSA01$h1626 979 $aCOPAT4$b90$c20050209$lUSA01$h1052 979 $aPASSARO$b90$c20120131$lUSA01$h1418 979 $aPASSARO$b90$c20121213$lUSA01$h1349 979 $aPASSARO$b90$c20121213$lUSA01$h1350 979 $aPASSARO$b90$c20121213$lUSA01$h1350 996 $aHand an sich legen$918774 997 $aUNISA